000 00469nmm a2200169Ia 4500
008 251105s9999||||xx |||||||||||||||||und||
020 _a9789580614548
041 _aspa
100 _aName Bayona, Orlando
245 0 _aClub de Némesis
264 _a[Bogotá, Colombia] :
_bOveja Negra,
_c2021
300 _a0 páginas
490 _aObras de referencia
650 _aThriller & Suspense
856 _uhttps://public.digitaliapublishing.com/a/111751
942 _cCF
999 _c95079
_d95079